Normal view
MARC view
Entry Topical Term
001 - CONTROL NUMBER
- control field: 9664
003 - CONTROL NUMBER IDENTIFIER
- control field: BD-RjUL
005 - DATE AND TIME OF LATEST TRANSACTION
- control field: 20231018131611.0
008 - FIXED-LENGTH DATA ELEMENTS
- fixed length control field: 231018|| aca||aabn | a|a d
040 ## - CATALOGING SOURCE
- Original cataloging agency: BD-RjUL
- Transcribing agency: BD-RjUL
150 ## - HEADING--TOPICAL TERM
- Topical term or geographic name entry element: KORAN REVELATION
670 ## - SOURCE DATA FOUND
- Source citation: Work cat.: (BD-RjUL)15223: السيوطي ، جلال الدين أبو الفضل عبد الرحمن بن أبي بكر بن محمد ;; Al-Suyuti, Jalal al-Din Abu al-Fadl Abd al-Rahman bin Abi Bakr bin Muhammad,AH. 849 - 911 47045, لباب النقول في أسباب النزول ;; Libab al Nuqul Asbab al Nujul /, [2001]